00428nam a2200133Ia 4500008004100000020001900041041000800060082001100068100001500079245008700094260006200181300001900243650003200262230511s2004 xx 000 0 und d a1-840000-944-6 aeng a771.44 aTim Rudman aThe Photographers Master Printing Course in Association with Amateur Photographers aLondonbMitchell Beazley an imprint of Octopus Pub.c2004 a160PB 27X23 cm aFundamentals of Photography